A to Z - Words That End in 'E' - Statistics

General Stats
  • This quiz has been taken 260 times
  • The average score is 18 of 26
Answer Stats
Clue Word % Correct
D Truth or ____ game Dare
98%
L Driver's ID License
97%
K Kitchen cutting tool Knife
96%
M To produce or create Make
93%
T Fleshy organ in mouth Tongue
93%
V To elect Vote
92%
W _____'s Waldo? Where
91%
P Make something ready for use Prepare
90%
E To approximate Estimate
86%
S Where she sells seashells? Seashore
86%
U To bring together Unite
86%
B Spine (8-letters) Backbone
81%
N "He's ______ to be found!" Nowhere
79%
Y Big, Californian national park Yosemite
74%
A House; place of living Abode
73%
J The 'J' in OJ Juice
73%
C Probability; the odds Chance
62%
F Fraud Fake
56%
H Largest city in Zimbabwe Harare
52%
G Assure Guarantee
50%
Z Area w/ partic. characteristic Zone
46%
R A change of direction Reverse
37%
O Think higher of, than deserved Overrate
30%
Q The utmost extent Quite
28%
I To modify existent items Innovate
5%
X Salt w/ formula ROCS2M+ Xanthate
4%
No matching quizzes found
Score Distribution
Percent of People with Each Score
Percentile by Number Answered
Your Score History
You have not taken this quiz